20 biggest netflix shows - Statistics

General Stats
  • This quiz has been taken 34 times
  • The average score is 2 of 20
Answer Stats
Hint Answer % Correct
#5 stranger things
83%
#14 Anne with an E
23%
#10 The crown
20%
#12 House of cards
13%
#8 Narcos
13%
#17 The queens gambit
13%
#6 Black mirror
10%
#7 Dark
10%
#15 Ozark
10%
#1 Arcane
3%
#11 Mindhunter
3%
#18 The haunting of hill house
3%
#9 Blue eye samurai
0%
#3 Bojack horseman
0%
#13 Daredevil
0%
#19 Heartstopper
0%
#2 Kota factory
0%
#20 Sacred games
0%
#16 The last kingdom
0%
#4 When they see us
0%
No matching quizzes found
Score Distribution
Percent of People with Each Score
Percentile by Number Answered
Your Score History
You have not taken this quiz